000 00707nam a22002177a 4500
999 _c15693
_d15693
003 AR-CdUCM
008 190429b ||||| |||| 00| 0 spa d
020 _a84-241-2043-4
040 _aMUNICIPALIDAD PROVINCIAL DEL CUSCO
_cBIBLIOTECA MUNICIPAL DEL CUSCO
082 _a643.7 /
_bG16
100 _aGaly, Michel.
_934856
245 _aEnciclopedia :
_bRepare y restaure todo usted mismo /
260 _aEspaña :
_bEverest, S.A.,
_c1978.
300 _a605 páginas ;
_c20 cm.
440 _aColección vivir mejor.
_934857
505 _aContenido :Repare y restaure todo usted mismo ...
650 _aColección.
_92826
650 _aRestaurar.
_934858
942 _2ddc
_cLIBROS
945 _arum1
_d2019-04-29